| 000 | 00493nam a2200157 a 4500 | ||
|---|---|---|---|
| 001 | 000030572 | ||
| 005 | 20200930062402.0 | ||
| 008 | 110524s1878 ve 000 p spa d | ||
| 040 |
_aDO-SdBNP _bspa _cBNPHU |
||
| 100 | 1 |
_aTejera, Felipe _957178 |
|
| 245 | 1 | 3 |
_aLa Colombiada / _cFelipe Tejera; prólogo Félix Soublette _bpoema épico en doce cantos. |
| 260 |
_aCaracas, : _bTribuna Liberal, _c1878. |
||
| 300 |
_a171 p. ; _c20 cm. |
||
| 700 | 1 |
_aSoublette, Féliz _epról. _957179 |
|
| 049 | _aBNPD | ||
| 999 |
_c30064 _d30064 |
||